| 000 | 00728cam a22002291 4500 | ||
|---|---|---|---|
| 001 | sd 50000127 | ||
| 003 | DLC | ||
| 005 | 20260227112736.0 | ||
| 008 | 940624s1950 nyu b 000 0 eng c | ||
| 010 | _asd 50000127 | ||
| 035 | _a(OCoLC)30657852 | ||
| 040 |
_aU.S. Dept. of State. Library _cIEN _dDLC |
||
| 042 | _apremarc | ||
| 050 | 0 | 0 |
_aD410 _b.F65 vol. 26, no. 3 |
| 100 | 1 | _aThorner, Daniel. | |
| 245 | 0 | 0 | _aProspects for economic development in southern Asia. |
| 260 |
_aNew York, _bForeign Policy Association, _c1950. |
||
| 300 |
_a[18]-28 p. _c27 cm. |
||
| 440 | 0 |
_aForeign policy reports, _vv. 26, no. 3 |
|
| 504 | _a"Economic literature of southern Asia": p. 27-28. | ||
| 651 | 0 |
_aAsia _xEconomic conditions _y1945- |
|
| 999 |
_c90026 _d90026 |
||